000 00356nam a2200145Ia 4500
008 090122s9999 xx 000 0 und d
082 _b7430
_a891.463
100 _aकदम
_bबाबा
245 _aबलीदान
600 _aकदम
630 _aबलीदान
700 _aकदम
730 _aबलीदान
942 _cBOOK
999 _c31507
_d31507